00553nam a2200145Ia 4500008004100000100002800041245017300069245002800242260005900270260000900329300001000338650001800348650001500366856002600381170221s9999 xx 000 0 und d aAnteneh Mekuria Tesfaye aPiggybacking the Traditional Coffee Ceremony as a Participatory Communication Strategy to Resolve Social Problems: an Assessment of Practices in Addis Ababa, Ethiopia  cAnteneh Mekuria Tesfaye bOnline Journal of Communication and Media Technologies c2011 a1 : 4 xCommunication xMedia Arts uhttp://www.ojcmt.net/